[Event "ESP-ch U12"]
[Site "Salobrena"]
[Date "2023.07.10"]
[Round "2"]
[White "Roure Sola, Oriol"]
[Black "Azuara Cornejo, Pablo"]
[Result "1/2-1/2"]
[WhiteElo "1579"]
[BlackElo "1310"]
[PlyCount "60"]
[EventDate "2023.07.10"]
[EventType "swiss"]
[EventRounds "9"]
[EventCountry "ESP"]
[SourceTitle "EXT 2024"]
[Source "ChessBase"]
[SourceDate "2023.10.10"]
[SourceVersion "1"]
[SourceVersionDate "2023.10.10"]
[SourceQuality "1"]

1. e4 c6 2. d4 d5 3. Nc3 dxe4 4. Nxe4 Bf5 5. Ng3 Bg6 6. Nf3 Nf6 7. Ne5 Nbd7 8. Nxg6 hxg6 9. Bd3 e6 10. Bd2 Qb6 11. Bc3 Bb4 12. Qd2 Bxc3 13. bxc3 Qb2 14. 0-0 Qb6 15. Rfe1 0-0 16. Rab1 Qc7 17. c4 Rfe8 18. f4 b6 19. Ne4 Nxe4 20. Rxe4 Nf6 21. Re2 Qd6 22. c3 c5 23. Bc2 Rad8 24. Rd1 Qc6 25. Qd3 Rd7 26. Bb3 Red8 27. Qe3 Ng4 28. Qg3 Nf6 29. Qe3 Ng4 30. Qg3 Nf6 1/2-1/2

[Event "ESP-ch U12 Rapid"]
[Site "Salobrena"]
[Date "2022.07.16"]
[Round "3"]
[White "Colomer Martinez, Isabel"]
[Black "Roure Sola, Oriol"]
[Result "0-1"]
[WhiteElo "1181"]
[BlackElo "1352"]
[PlyCount "46"]
[EventDate "2022.07.09"]
[EventType "swiss (rapid)"]
[EventRounds "9"]
[EventCountry "ESP"]
[SourceTitle "EXT 2023"]
[Source "ChessBase"]
[SourceDate "2022.10.05"]
[SourceVersion "1"]
[SourceVersionDate "2022.10.05"]
[SourceQuality "1"]

1. d4 Nf6 2. Bf4 g6 3. Nf3 Bg7 4. e3 d6 5. Be2 0-0 6. 0-0 Nbd7 7. c4 b6 8. Nc3 Bb7 9. d5 e5 10. Bg5 h6 11. Bh4 g5 12. Bg3 a5 13. Re1 Nc5 14. Qc2 Nh5 15. a3 Nxg3 16. hxg3 f5 17. b4 Nd7 18. e4 f4 19. gxf4 exf4 20. Rad1 g4 21. Nd4 Bxd4 22. Rxd4 f3 23. Bd1 Qf6 0-1

[Event "Vallfogona de Balaguer Farre Mem 1st"]
[Site "Vallfogona de Balaguer"]
[Date "2022.04.23"]
[Round "1"]
[White "Roure Sola, Oriol"]
[Black "Cortiella Valles, Roger"]
[Result "1-0"]
[WhiteElo "1477"]
[BlackElo "1897"]
[PlyCount "113"]
[EventDate "2022.04.23"]
[EventType "swiss"]
[EventRounds "8"]
[EventCountry "ESP"]
[SourceTitle "EXT 2023"]
[Source "ChessBase"]
[SourceDate "2022.10.05"]
[SourceVersion "1"]
[SourceVersionDate "2022.10.05"]
[SourceQuality "1"]

1. e4 c5 2. Nf3 d6 3. d4 cxd4 4. Nxd4 Nf6 5. Nc3 a6 6. Bc4 Nbd7 7. 0-0 e6 8. Bb3 Be7 9. Re1 Qc7 10. Bxe6 fxe6 11. Nxe6 Qc6 12. Nxg7+ Kf7 13. Nf5 Ne5 14. Nxe7 Kxe7 15. Bg5 Be6 16. Nd5+ Bxd5 17. exd5 Qc5 18. Be3 Qxd5 19. Qxd5 Nxd5 20. f4 Ng6 21. Bd4+ Kf7 22. Bxh8 Rxh8 23. g3 Rg8 24. Kf2 Nf6 25. h3 d5 26. Kf3 h5 27. Rac1 Ne7 28. Rg1 Nf5 29. c3 Rg6 30. Rce1 Ne4 31. g4 hxg4+ 32. hxg4 Nh4+ 33. Ke3 Rb6 34. Re2 Re6 35. f5 Rc6 36. Rh1 Nxf5+ 37. gxf5 Ng3 38. Rh7+ Kg8 39. Rxb7 Nxe2 40. Kxe2 Rf6 41. Kd3 Rxf5 42. Kd4 Kf8 43. Rd7 Rf2 44. Rb7 Rd2+ 45. Kc5 a5 46. a4 Ke8 47. Rb3 Kd7 48. Kb5 d4 49. cxd4 Rxd4 50. Kxa5 Kc6 51. Rc3+ Kb7 52. b4 Rh4 53. Rg3 Rh6 54. b5 Ka7 55. Rg7+ Kb8 56. b6 Rh4 57. Kb5 1-0

[Event "ESP-ch U10"]
[Site "Salobrena"]
[Date "2021.07.02"]
[Round "8"]
[White "Roure Sola, Oriol"]
[Black "Jaglinski, Aleksander"]
[Result "1/2-1/2"]
[WhiteElo "1365"]
[BlackElo "1128"]
[PlyCount "60"]
[EventDate "2021.06.28"]
[EventType "swiss"]
[EventRounds "9"]
[EventCountry "ESP"]
[SourceTitle "EXT 2022"]
[Source "ChessBase"]
[SourceDate "2021.10.06"]
[SourceVersion "1"]
[SourceVersionDate "2021.10.06"]
[SourceQuality "1"]

1. e4 e5 2. Nf3 Nc6 3. d4 exd4 4. Nxd4 Qh4 5. Nc3 Bb4 6. Qd3 Bxc3+ 7. bxc3 Nf6 8. Bb2 Qxe4+ 9. Qxe4+ Nxe4 10. f3 Nf6 11. 0-0-0 0-0 12. Nb5 Ne8 13. Bc4 a6 14. Nd4 Nd6 15. Bd5 Nxd4 16. cxd4 c6 17. Bb3 Nb5 18. a4 Nc7 19. Ba3 Re8 20. Bd6 Nd5 21. Rhe1 Re6 22. c4 Nc3 23. Rxe6 dxe6 24. Re1 b5 25. a5 bxc4 26. Bxc4 Nb5 27. Bxb5 cxb5 28. Kb2 Bb7 29. Rc1 Rc8 30. Rxc8+ Bxc8 1/2-1/2

[Event "ESP-ch U10"]
[Site "Salobrena"]
[Date "2021.06.30"]
[Round "5"]
[White "Odriozola Coscolin, Dani"]
[Black "Roure Sola, Oriol"]
[Result "1-0"]
[WhiteElo "1181"]
[BlackElo "1365"]
[PlyCount "65"]
[EventDate "2021.06.28"]
[EventType "swiss"]
[EventRounds "9"]
[EventCountry "ESP"]
[SourceTitle "EXT 2022"]
[Source "ChessBase"]
[SourceDate "2021.10.06"]
[SourceVersion "1"]
[SourceVersionDate "2021.10.06"]
[SourceQuality "1"]

1. e4 c5 2. Nc3 e6 3. Bc4 a6 4. a4 Nc6 5. f4 d6 6. Nf3 Nf6 7. 0-0 Be7 8. d3 0-0 9. Qe1 Nd4 10. Nxd4 cxd4 11. Ne2 e5 12. f5 Kh8 13. Kh1 b6 14. Rg1 Bb7 15. Rf1 Rc8 16. c3 dxc3 17. Nxc3 Rc7 18. Bg5 Nd7 19. Be3 Rc8 20. Kg1 Nf6 21. h3 Nxe4 22. Nxe4 Bxe4 23. Bxa6 Ra8 24. dxe4 Rxa6 25. Qe2 Qa8 26. b3 Rb8 27. Qb5 Qb7 28. Rfd1 Qxe4 29. Qxa6 Qxe3+ 30. Kh1 Qxb3 31. Rdc1 h6 32. Qa7 Re8 33. Qd7 1-0

[Event "Catalunya-ch U10/20"]
[Site "Salou"]
[Date "2020.09.07"]
[Round "4"]
[White "Mompel Ferruz, Xavier"]
[Black "Roure Sola, Oriol"]
[Result "1-0"]
[WhiteElo "1505"]
[BlackElo "1160"]
[PlyCount "71"]
[EventDate "2020.09.05"]
[EventType "swiss"]
[EventRounds "8"]
[EventCountry "ESP"]
[SourceTitle "EXT 2023"]
[Source "ChessBase"]
[SourceDate "2022.10.05"]
[SourceVersion "1"]
[SourceVersionDate "2022.10.05"]
[SourceQuality "1"]

1. e4 e5 2. Nc3 Nc6 3. Bc4 Nf6 4. d3 Na5 5. Bb3 Nxb3 6. axb3 d5 7. exd5 Bb4 8. Bd2 Bxc3 9. Bxc3 Qxd5 10. Nf3 Bg4 11. Qe2 Bxf3 12. Qxf3 Qxf3 13. gxf3 0-0-0 14. Rxa7 Nd5 15. Kd2 f6 16. Rha1 Nxc3 17. bxc3 b6 18. R1a6 h5 19. c4 Rh6 20. b4 Rg6 21. c5 bxc5 22. bxc5 Rg2 23. c6 Rxd3+ 24. cxd3 Kd8 25. Ke3 Rxh2 26. Ra8+ Ke7 27. Rh8 h4 28. Ke2 Rh1 29. Ra4 g5 30. Rc4 h3 31. Rh7+ Ke6 32. Rxc7 h2 33. Rh7 Kf5 34. c7 Kg6 35. Rxh2 Rxh2 36. c8Q 1-0

[Event "Catalunya-ch U10/20"]
[Site "Salou"]
[Date "2020.09.06"]
[Round "2"]
[White "Roure Sola, Oriol"]
[Black "Uber Gracia, Hugo"]
[Result "1/2-1/2"]
[WhiteElo "1160"]
[BlackElo "1521"]
[PlyCount "89"]
[EventDate "2020.09.05"]
[EventType "swiss"]
[EventRounds "8"]
[EventCountry "ESP"]
[SourceTitle "EXT 2023"]
[Source "ChessBase"]
[SourceDate "2022.10.05"]
[SourceVersion "1"]
[SourceVersionDate "2022.10.05"]
[SourceQuality "1"]

1. e4 e6 2. d4 d5 3. exd5 exd5 4. Nf3 Bg4 5. Bd3 Nf6 6. 0-0 Be7 7. Re1 0-0 8. Bg5 Nc6 9. c3 Re8 10. Nbd2 Nh5 11. Bxe7 Rxe7 12. Qc2 h6 13. Rxe7 Qxe7 14. Re1 Qd7 15. Ne5 Nxe5 16. Rxe5 Re8 17. Rxe8+ Qxe8 18. h3 Bd7 19. Nf3 Nf4 20. Bf5 f6 21. Bxd7 Qxd7 22. Qb3 b6 23. Qa3 a5 24. Qb3 Qf7 25. Ne1 Qe8 26. Qd1 Qe4 27. Kf1 Kf7 28. Qc2 Qe8 29. Nf3 Qb5+ 30. Kg1 Ne2+ 31. Kh2 Nf4 32. g3 Ng6 33. b3 Qc6 34. Qd3 Qd7 35. Qc2 Ne7 36. c4 c6 37. a3 Qd6 38. c5 Qb8 39. b4 axb4 40. axb4 Qb7 41. Qa4 Kf8 42. h4 Kf7 43. Kg2 Nf5 44. Kh3 Ne7 45. Kg2 1/2-1/2

[Event "ESP-ch U10"]
[Site "Salobrena"]
[Date "2020.07.24"]
[Round "8"]
[White "Roure Sola, Oriol"]
[Black "Chernyshova, Sofia"]
[Result "0-1"]
[WhiteElo "1242"]
[BlackElo "1021"]
[PlyCount "50"]
[EventDate "2020.07.20"]
[EventType "swiss"]
[EventRounds "9"]
[EventCountry "ESP"]
[SourceTitle "EXT 2021"]
[Source "ChessBase"]
[SourceDate "2020.10.23"]
[SourceVersion "1"]
[SourceVersionDate "2020.10.23"]
[SourceQuality "1"]

1. e4 e5 2. Nf3 Nf6 3. Nxe5 d6 4. Nf3 Nxe4 5. d3 Nc5 6. d4 Ne4 7. Bd3 d5 8. Bxe4 dxe4 9. Ne5 Nd7 10. Qe2 Nxe5 11. Qxe4 Bd6 12. dxe5 Qe7 13. 0-0 f5 14. Qe2 0-0 15. f4 b6 16. Nc3 Bc5+ 17. Be3 Bb7 18. Qc4+ Kh8 19. Bxc5 Qxc5+ 20. Qxc5 bxc5 21. Na4 Rad8 22. Nxc5 Bc6 23. Ne6 Rd2 24. Nxf8 Rxg2+ 25. Kh1 Rg4+ 0-1